000 00747nam a22002417a 4500
003 DO-SdBNP
005 20240510073821.0
007 ta
008 211110b2020 dr ||||| |||| 00| 0 eng d
020 _a9789945624021
040 _aDO-SdBNP
_bspa
_cBNPHU
082 4 _a248.4
_bL789L
_222
100 1 _aLizardo Vargas, Ligia
_980566
245 1 0 _aLuces en las tinieblas /
_cLigia Lizardo Vargas
260 _aSanto Domingo :
_bFR Multiservicios,
_c2020.
300 _a290 p. ;
_c21 cm.
500 _aIncluye datos biográficos de la autora en la contracubierta
590 _aInventariado, 2021/BT
650 1 0 _aVida cristiana
_9668
650 1 4 _aVida religiosa
_915864
910 _aBtavárez/Validado. Control de calidad MFF
942 _2ddc
_cLBS1
999 _c50914
_d50914